Larousse diccionario práctico : para Argentina y América Latina.
Guardado en:
| Autor Corporativo: | |
|---|---|
| Formato: | Libro |
| Idioma: | Undetermined |
| Publicado: |
México :
Larousse,
2006.
|
| Edición: | 1a ed. |
| Materias: | |
| Etiquetas: |
Agregar Etiqueta
Sin Etiquetas, Sea el primero en etiquetar este registro!
|
| LEADER | 00547nam a22001695a 4500 | ||
|---|---|---|---|
| 001 | EAD.ead004780 | ||
| 008 | 260203s2006####mx############000#0#und#d | ||
| 005 | 20260211134154.0 | ||
| 245 | 1 | 0 | |a Larousse diccionario práctico : |b para Argentina y América Latina. |
| 250 | |a 1a ed. | ||
| 260 | |a México : |b Larousse, |c 2006. | ||
| 300 | |a 457 p. ; |c 18 cm. | ||
| 500 | |a Modelos de conjugación, lista de abreviaturas. | ||
| 020 | |a 9702213614 | ||
| 710 | 2 | |a Larousse. | |
| 650 | 7 | |a Diccionarios. |2 unbist | |
| 859 | |a AR-BaBDC |b BIB. ADMINISTRACION - Libros |h 423 |i L328 |p b07474 | ||
